000 00264nam a22001097a 4500
008 9780801670077
020 _a0801670071
041 _aeng
080 _a618.2
245 _aClinical nursing skills Techniques:
_cAnne Griffin Perry; Patrcia A. Potter;
942 _2udc
_cBK
999 _c1683
_d1683